Get the Picture: Washington vs. Adams Quiz Stats

 Plays Quiz Updated Jul 4, 2019

Score 0/16 Timer 03:00
0 Plays Today
Question Answer Wrong Answers
Was Commander in Chief of the Continental Army
91.1%
5.3%
First Vice-President of the United States
90.8%
5.7%
Only person ever unanimously elected by the Electoral College
87.4%
8.8%
Died December 14, 1799
87.1%
9.2%
Owned, along with his wife, more than 300 slaves
85.1%
11.6%
Served as foreign minister to both the United Kingdom and the Netherlands
83.3%
12.7%
Had no biological children
82.9%
13.5%
Earned a bachelor of arts from Harvard College
82.6%
13.5%
Died July 4, 1826
81.3%
15.2%
Father to six biological children
79.1%
17%
First President to reside in the White House
78%
18.6%
Received a surveyor's license from the College of William & Mary
75.4%
21.2%
Defended British Captain Thomas Preston in his trial after the Boston Massacre
74.2%
22.1%
Signed the Declaration of Independence
71.1%
25.4%
Step-daughter Patsy died in his arms when she was 17 years old
64.1%
32%
Contracted smallpox on a 1751 trip to Barbados
58.2%
38.4%

Today's Daily Dose

Missing Word
Banned Books (A-Z)

Word Ladder
Janis Joplin

Get the Picture
Occupations

You're not logged in!

Compare scores with friends on all Sporcle quizzes.
OR
Log In

Sporcle TV

Today on Sporcle TV


Watch our educational content, quiz creation guides, and fun videos on Sporcle TV.

Show Comments

Extras

Top Quizzes Today


Score Distribution

Your Account Isn't Verified!

In order to create a playlist on Sporcle, you need to verify the email address you used during registration. Go to your Sporcle Settings to finish the process.

Report this User

Report this user for behavior that violates our Community Guidelines.

Details: